000 00519cam a2200193ua 4500
001 1071
008 110427n ii |||gr||||Z||||||eng
020 _a81-7036-772-7
040 _cMAIN
082 _a343.0745
245 1 _aRural developement. :
_bPrinciples, politics and management. /
_cBy Katar Singh.
250 _a1st.
260 _aNew Delhi.:
_bSage publications.,986.
300 _a353 p.:
_c24 cm.
653 _aPolitical science.
653 _aRural developement.
700 _aSingh, Katar.,
942 _cBK
999 _c987
_d987